| 000 | 00706nam a2200229Ia 4500 | ||
|---|---|---|---|
| 003 | OSt | ||
| 005 | 20251212112816.0 | ||
| 008 | 220917b |||||||| |||| 00| 0 eng d | ||
| 037 | _cTB | ||
| 040 |
_aARTS _cARTS _beng |
||
| 041 |
_2eng _aeng |
||
| 084 |
_aR3xM59:g K9(TB) _qAL |
||
| 100 |
_aSinha, Debabrata _978910 |
||
| 245 | 0 | _aStudies in phenomenology | |
| 260 |
_aHague, Netherlands: _bMartinus Nijhoff, _c1969. |
||
| 300 |
_a136p. _ccm. |
||
| 490 | _aPahenomenologica : collection spubliee sous le patronage des centres D'archives Husserl; 30 | ||
| 500 | _aBib 131-34p | ||
| 650 |
_aPHILOSOPHY _9856208 |
||
| 942 |
_hR3x K9 _cTB _2CC _n0 |
||
| 999 |
_c194107 _d194107 |
||